000 00454cam a22001457a 4500
008 180718b1979 xxu||||| |||| 00| 0 eng d
082 _aB131 In8
100 _aRenaud, Bertrand
245 _aNational urbanization policies in developing countries
_cBy Bertrand Renaud
260 _aWashington, D.C.
_bIBRD
_c1979
300 _a225p.
440 _aWorld Bank Staff Working Papers, No.347
650 _aUrbanization - Underdeveloped areas
700 _aIBRD
999 _c224605
_d224605